Loading...

OXIDATION MECHANISMS: APPLICATION TO ORGANIC CHEMISTRY

Bibliographic Details
Main Author: STEWART ROSS
Format: Printed Book
Published: NEW YORK W.A BENJAMIN INC 1964
Subjects:
LEADER 00608nam a2200181 4500
020 |c 8.25 
082 |a 547.23 STE 
100 |a STEWART ROSS 
245 |a OXIDATION MECHANISMS: APPLICATION TO ORGANIC CHEMISTRY  |h ENGLISH 
250
260 |a NEW YORK  |b W.A BENJAMIN INC  |c 1964 
300 |a 179  |f HB 
500 |a   
590 |d Dollar 8.25 
650 |a OXIDATION MECHANISMS-- APPLICATION TO ORGANIC CHEMISTRY 
942 |c BK 
999 |c 119394  |d 119394 
952 |0 0  |1 0  |4 0  |6 547_230000000000000_STE  |7 0  |9 132859  |a CHE  |b CHE  |g 8.25  |l 0  |o 547.23 STE  |p CHE702  |r 2019-10-15  |w 2019-10-15  |y BK